000 00189nam a2200085Ia 4500
008 250605s9999 xx 000 0 und d
041 _aeng
100 _aShreya Sharma
245 _aApp Starts Inc
999 _c43740
_d43740